Iniciación apícola /
Guardado en:
| Autor Principal: | |
|---|---|
| Formato: | Libro |
| Publicado: |
Buenos Aires :
Inta,
1982
|
| Edición: | 4a. ed. |
| Materias: | |
| Etiquetas: |
Agregar Etiqueta
Sin Etiquetas, Sea el primero en etiquetar este registro!
|
| LEADER | 01133nam a22002655a 4500 | ||
|---|---|---|---|
| 001 | CEM.cems016843 | ||
| 005 | 20130321121058.0 | ||
| 008 | 130507s1982##################000#0#####d | ||
| 003 | CEMS | ||
| 082 | 0 | 4 | |a 638.1 |
| 100 | 1 | |a Katzenelson, Moisés | |
| 245 | 1 | 0 | |a Iniciación apícola / |c Moisés Katzenelson, |
| 250 | |a 4a. ed. | ||
| 260 | |a Buenos Aires : |b Inta, |c 1982 | ||
| 300 | |a 102 p. | ||
| 505 | 0 | |a Aspectos de la apícultura en la Argentina -- Habitantes de la colmena -- Alimentos de la abeja -- Partes de la colmena -- Formación y desarrollo del apiario -- Instalación del apiario -- Enfermedades y enemigos de la abeja -- Manejo del apiario -- Crianza de reinas -- Mejoramiento de abejas -- Extracción y acondicionamiento de miel y cera -- Polinización por abejas | |
| 653 | |a Miel-extracción | ||
| 653 | |a Abejas-polinización | ||
| 653 | |a Abejas-enfermedades | ||
| 653 | |a Colmenas | ||
| 653 | |a Abejas-alimentación | ||
| 653 | |a Apícultura | ||
| 653 | |a Abejas | ||
| 859 | |a CEMS |b BIB. CEMS - Agricultura |h 638.1 |i K159 |p A17478.93 |t Ej.1 |v 1 |3 Vol. 1 | ||
| 859 | |a CEMS |b BIB. CEMS - Agricultura |h 638.1 |i K159 |p A1809.13 |t Ej.2 | ||
